000 00334nam a22001337a 4500
008 170825b xxu||||| |||| 00| 0 eng d
020 _a9780873529860
041 _aeng
080 _26 ED
_a070
100 _a39
101 _aMED
245 _aMLA HANDBOOK FOR WITERS OF RESEARSCH PAPERS
_cGIBALDI.J
942 _2udc
_cBK
999 _c25006
_d25006